000 00915cas a22002537a 4500
005 20220329142111.0
008 990628d mx fn p rnn 0 uub1spa d
010 _a78450
011 _a79422
035 _a89650
245 0 4 _aBoletín del Instituto de Geología de la UNAM
_c/por Instituto de Geología. Universidad Nacional Autónoma de México
260 0 _aMéxico, D.F. :
_bInstituto de Geología. Universidad Nacional Autónoma de México
300 _av.
310 _aIrregular
500 _aSe dejó de recibir con el v.101, 1978
590 _aBATCH-UPD
_b10
_c20130110
_lUCH01
_h0804
590 _aBATCH-UPD
_b10
_c20130410
_lUCH01
_h0442
590 _aBATCH-UPD
_b10
_c20130914
_lUCH01
_h1539
590 _aCONVERSION
_b10
_c20130109
_lUCH01
_h1343
650 1 4 _aGeología
_xPublicaciones periódicas.
_947636
866 _av.52-101 (1946-1978)
901 _aSE
905 _aMa. del Socorro Iturbe C.
999 _c78450
_d78450